000
00393nam a22001577a 4500
003
MPLRDC
005
20220104123823.0
008
210129b ||||| |||| 00| 0 eng d
082
_a
019 DHH-2 c.2
100
_a
多湖辉
245
_a
轻松有效的读书记忆术
_c
林怀卿译
260
_a
_b
雷鼓出版社
_c
1990
300
_b
平
650
_a
读书法
942
_c
BK
_o
019 DHH-2 c.2
999
_c
14455
_d
14445